=LDR 00000nam 2200000 4500 =001 000607 =005 20250711105117 =035 ##$$a 0010-0725000475 =007 ta =008 250711################a##########0#ind## =020 ##$$a 978-623-307-168-0 =082 ##$$a 398.209 598 =084 ##$$a 398.209 598 DIA s =100 #$$a Diana, Ira =245 1#$$a Serunya Bermain Api Jagau /$c Ira Diana =250 ##$$a Cetakan Pertama =260 ##$$a Jakarta Timur :$b Badan Pengembangan dan Pembinaan Bahasa,$c 2022 =300 ##$$a 28 hlm : $b ilus. ; $c 29,7 cm =600 #4$$a Cerita anak Indonesia - Terjemahan =856 ##$$a TBM AS SUHADA =990 ##$$a TBM03710371